000 00293nam a2200121Ia 4500
008 190216s9999||||xx |||||||||||||| ||und||
100 _aSethi T T
245 0 _a"Money,Banking And International Trade"
260 _bS Chand & Co
_c1987
300 _a649 pages
650 _aCommerce
942 _cBK
999 _c5483
_d5483